000 01229nam a22003017a 4500
001 9682
003 FISKH
005 20260428083949.0
008 260129b cb ||||| |||| 00| 0 eng d
020 _a9780462004723
040 _aFISKH
_beng
_cFISKH
_dFISKH
050 _aPZ7
082 _a823
100 _aSmith, Ben
_eAuthor
245 _aThe big crash /
_cWritten by Ben Smith ; illustrated by Katie Jardine
250 _aFirst published 2008
260 _aLondon :
_bMarsahall Cavendish Education ,
_c2008.
300 _a16 pages :
_bcolor illustrations ;
_c16 X 19 cm .
490 _aMy pals are here! Reading star :
_v5a
505 _aJ
520 _aThe Big Crash tells a simple story about an accident or mishap that happens during play or everyday activities. Through short sentences and clear illustrations, the story shows what caused the crash and how the characters react and learn from it. The book helps early readers understand cause and effect while building confidence in reading simple sentences.
521 8 _a500
_bLexile estimate
521 8 _aJ
_bRaz-Plus
650 _aAccident
_vActivities
700 _aJardine, Katie
_eIllustrator
942 _2ddc
_cBK
_n0
999 _c9682
_d9682